युगपुरुष बप्पारावल / (Record no. 197972)

MARC details
000 -LEADER
fixed length control field 00739nam a22001817a 4500
005 - DATE AND TIME OF LATEST TRANSACTION
control field 20230911121720.0
010 ## - LCCN (DPL NO)
LC control number B-755780
020 ## - INTERNATIONAL STANDARD BOOK NUMBER
International Standard Book Number 9789382872535
Terms of availability 400.00
035 ## - SYSTEM CONTROL NUMBER
System control number B-755780
082 ## - DEWEY DECIMAL CLASSIFICATION NUMBER
Edition number 2021
Classification number 921
Item number 1
100 ## - MAIN ENTRY--PERSONAL NAME
Personal name नाहर विजय
245 ## - TITLE STATEMENT
Title युगपुरुष बप्पारावल /
Statement of responsibility, etc विजय नाहर
260 ## - PUBLICATION, DISTRIBUTION, ETC. (IMPRINT)
Place of publication, distribution, etc जयपुर
Name of publisher, distributor, etc शिव बुक डिपो
Date of publication, distribution, etc 2021
270 ## - ADDRESS
Address 167, चौड़ा रास्ता
City जयपुर
Postal code 302003
300 ## - PHYSICAL DESCRIPTION
Extent 272पृ.
Other physical details 21सेमी (अजिल्द)
942 ## - ADDED ENTRY ELEMENTS (KOHA)
Source of classification or shelving scheme Dewey Decimal Classification
Item type Hindi Books
Edition 2021
Classification part 921
Call number suffix रावल
Holdings
Withdrawn status Lost status Not for loan Collection code Home library Current library Date acquired Source of acquisition Cost, normal purchase price Full call number Barcode Copy number Cost, replacement price Koha item type
      Non-fiction Sarojini Nagar Sarojini Nagar 11/09/2023 उपहार/23.8.23 400.00 921 रावल B-755780 1 400.00 Hindi Books

© Delhi Public Library
Hit Counter
free hit counter